Reprezentacje z ktorymi Polska NIE GRAŁA - NAGŁA ŚMIERĆ - Statystyki

Ogólne statystyki
  • Ten quiz został rozwiązany 185 razy
    141 od ostatniego zresetowania
  • Średni wynik to 8 z 20
Answers on the Grid
Answers color-coded by a green-red scale on the quiz's grid according to % correct below.
Eswatini
Gwatemala
Irlandia
Rosja
Zambia
Belgia
Belize
Kongo
Grecja
Gibraltar
Surinam
San Marino
Papua Nowa Gwinea
Portugalia
Wietnam
Tajlandia
Armenia
Saint Kitts i Nevis
Szkocja
Nauru
Węgry
Kosowo
Norwegia
Lesotho
Dania
Tunezja
Watykan
Rumunia
Somalia
Białoruś
Egipt
Niderlandia / Holandia
Zimbabwe
Haiti
Walia
Tonga
Czechosłowacja
Singapur
Irlandia Północna
Gujana
Islandia
Słowacja
ZSRR
Filipiny
Demokratyczna Republika Konga
Niemcy
Mołdawia
Saint Lucia
Finlandia
Antigua i Barbuda
 
Statystyki odpowiedzi
Odpowiedź % Poprawnych
Eswatini
89%
Antigua i Barbuda
49%
Belize
49%
Saint Kitts i Nevis
49%
Saint Lucia
47%
Surinam
46%
Tonga
44%
Lesotho
43%
Papua Nowa Gwinea
41%
Gujana
40%
Nauru
40%
Somalia
40%
Watykan
40%
Zambia
36%
Kongo
34%
Zimbabwe
30%
Demokratyczna Republika Konga
26%
Filipiny
23%
Kosowo
21%
Wietnam
17%
Nie znaleziono quizów pasujących do podanych kryteriów
Rozkład punktacji
Procent ludzi z każdym wynikiem
Percentyl według liczby udzielonych odpowiedzi
Twoja historia wyników
Nie rozwiązałeś tego quizu od ostatniego zresetowania